Name a Valid U.S. State - Islands - Statistics

General Stats
  • This quiz has been taken 133 times
  • The average score is 10 of 16
Answer Stats
Name a state ... Answer % Correct
that has an island larger than Cyprus Alaska | Hawaii
100%
that has an island larger than 1,000 square miles in area, other than the states that work as answers to the first question New York
85%
that has islands south of 25°N Florida | Hawaii
81%
that has national parks that are primarily or exclusively located on islands, other than Hawaii California | Florida | Maine | Michigan
78%
that has an island home to over 50,000 people, other than Hawaii and New York California | Rhode Island | Texas | Washington
75%
whose largest island is more than 100 but less than 250 square miles Maine | Michigan | Texas | Washington
73%
in which more than 5% of residents live on islands, other than Hawaii New York | Rhode Island
72%
that has islands in the Eastern Hemisphere Alaska
71%
whose largest island is between 50 and 100 square miles Alabama | California | Georgia | Louisiana | Massachusetts | South Carolina
66%
that has one or more islands where the Gullah language is or was historically spoken Florida | Georgia | South Carolina
55%
that has ever had an island jail or prison, other than California and Hawaii Massachusetts | New York | Washington
54%
for this question, name a U.S. island territory with a population greater than 1,000,000 Puerto Rico
54%
whose largest island is over 50 square miles and connected to the mainland by one or more bridges, other than New York Alabama | Maine | South Carolina | Texas | Washington
52%
that is landlocked but has an island larger than 30 square miles, other than the landlocked state that works as an answer to the third question Utah | Vermont
49%
that has islands over 50 square miles in area with Spanish names, other than California and Texas Alaska | Washington
39%
for this question, name a U.S. island territory home to a national park American Samoa | U.S. Virgin Islands
39%
No matching quizzes found
Score Distribution
Percent of People with Each Score
Percentile by Number Answered
Your Score History
You have not taken this quiz